अमरकांत एक मूल्यांकन / (Record no. 67820)

MARC details
000 -LEADER
fixed length control field 01133nam a22002777a 4500
005 - DATE AND TIME OF LATEST TRANSACTION
control field 2010101908158.0
008 - FIXED-LENGTH DATA ELEMENTS--GENERAL INFORMATION
fixed length control field 101019t xxu||||| |||| 00| 0 hin d
010 ## - LCCN (DPL NO)
LC control number HIN-96266
020 ## - INTERNATIONAL STANDARD BOOK NUMBER
Terms of availability 500.00
International Standard Book Number 9789380458410
035 ## - SYSTEM CONTROL NUMBER
System control number HN-68612
037 ## - SOURCE OF ACQUISITION
Source of stock number/acquisition DBAD / PUB
040 ## - CATALOGING SOURCE
Original cataloging agency DPL
Language of cataloging HN
082 ## - DEWEY DECIMAL CLASSIFICATION NUMBER
Classification number 820.08
100 ## - MAIN ENTRY--PERSONAL NAME
9 (RLIN) 23632
245 ## - TITLE STATEMENT
Title अमरकांत एक मूल्यांकन /
Statement of responsibility, etc रवीन्द्र कालिया द्वारा संपादित
260 ## - PUBLICATION, DISTRIBUTION, ETC. (IMPRINT)
Place of publication, distribution, etc नई दिल्ली
Name of publisher, distributor, etc सामयिक
Date of publication, distribution, etc 2012
270 ## - ADDRESS
City नई दिल्ली
Address 3320-21, जटवाडा़ दरियागंज,एन.एस. मार्ग,
Postal code 110002
300 1# - PHYSICAL DESCRIPTION
Extent 352पृ.
Dimensions 22सेमी (सजिल्द)
650 ## - SUBJECT ADDED ENTRY--TOPICAL TERM
9 (RLIN) 657
650 ## - SUBJECT ADDED ENTRY--TOPICAL TERM
9 (RLIN) 34273
700 ## - ADDED ENTRY--PERSONAL NAME
9 (RLIN) 48760
Personal name कालिया,रवीन्द्र
710 ## - ADDED ENTRY--CORPORATE NAME
9 (RLIN) 34811
710 ## - ADDED ENTRY--CORPORATE NAME
9 (RLIN) 35049
942 ## - ADDED ENTRY ELEMENTS (KOHA)
Source of classification or shelving scheme Dewey Decimal Classification
Item type Hindi Books
Call number suffix अमर
Classification part 820.08
Holdings
Withdrawn status Lost status Source of classification or shelving scheme Damaged status Not for loan Collection code Home library Current library Date acquired Source of acquisition Cost, normal purchase price Total Checkouts Full call number Barcode Date last seen Copy number Cost, replacement price Koha item type
    Dewey Decimal Classification   Not For Loan Non-fiction D.B.Act.Division D.B.Act.Division 11/06/2012 DBAB/PUB 500.00   820.08 अमर HN-68612 11/06/2012 1 500.00 Hindi Books

© Delhi Public Library
Hit Counter
free hit counter